|
|
|
|
| LEADER |
00703nam a22001691a 4500 |
| 082 |
|
|
|a M3
|b MOH/S
|
| 100 |
|
|
|a Mohanachandran
|9 129023
|
| 245 |
|
|
|a Sundari Haimavathi/
|c by Mohanachandran
|
| 260 |
|
|
|a Thrissur:
|b Current Books,
|c 2002.
|
| 300 |
|
|
|a 206p.
|
| 650 |
|
|
|a Novel Malayalam
|9 129024
|
| 650 |
|
|
|a Literature Malayalam
|9 129025
|
| 650 |
|
|
|a Literature
|9 129026
|
| 942 |
|
|
|c BK
|
| 999 |
|
|
|c 45342
|d 45342
|
| 952 |
|
|
|0 0
|1 0
|4 0
|6 M_3_000000000000000_MOH_S
|7 0
|9 65413
|a SSUS
|b SSUS
|d 2015-01-08
|g 80.00
|l 2
|o M3 MOH/S
|p 031138
|r 2016-05-11
|s 2016-05-09
|v 0.00
|w 2015-01-08
|y BK
|
| 952 |
|
|
|0 0
|1 0
|4 0
|6 M_3_000000000000000_MOH_S
|7 0
|9 65414
|a SSUS
|b SSUS
|d 2015-01-08
|g 80.00
|l 4
|o M3 MOH/S
|p 060157
|r 2018-08-02
|s 2018-07-20
|v 0.00
|w 2015-01-08
|y BK
|